Statistics for Name The State By Their National Bird

Click here to take the quiz!

General Stats

  • This quiz has been taken 5 times
  • The average score is 7 of 15

Answer Stats

Answer% Correct
Louisiana
80%
Alabama
60%
Hawaii
60%
Kansas
60%
Nevada
60%
Arizona
40%
Florida
40%
Maine
40%
Missouri
40%
New Hampshire
40%
New Jersey
40%
Ohio
40%
Utah
40%
Vermont
40%
Alaska
20%

Score Distribution

Percentile by Number Answered

Percent of People with Each Score

Your Score History

You have not taken this quiz